[Event "CrunchLab Masters Div 3 W"]
[Site "chess.com INT"]
[Date "2024.07.19"]
[Round "1.1"]
[White "Alekseev, Evgeny"]
[Black "Gledura, Benjamin"]
[Result "0-1"]
[WhiteTitle "GM"]
[BlackTitle "GM"]
[WhiteElo "2550"]
[BlackElo "2620"]
[WhiteFideId "4138147"]
[BlackFideId "712779"]
[EventDate "2024.07.19"]
[EventType "k.o."]

1. e4 e5 2. Bc4 Bc5 3. Nf3 d6 4. O-O Nf6 5. d3 h6 6. c3 O-O 7. Bb3 a5 8. Re1 Ba7
9. h3 Re8 10. Bc2 Nc6 11. d4 exd4 12. cxd4 Nb4 13. Nc3 Nxc2 14. Qxc2 c6 15. Bf4
Be6 16. a4 d5 17. e5 Nh7 18. Ne2 Qd7 19. Qd2 Nf8 20. Ng3 Bf5 21. Nxf5 Qxf5 22.
Be3 Ne6 23. Rac1 Bb6 24. Qc2 Qxc2 25. Rxc2 Bd8 26. Bd2 f5 27. exf6 Bxf6 28. Bc3
Nf4 29. Rxe8+ Rxe8 30. Kf1 Re4 31. Rd2 b6 32. Ne1 Kf7 33. Nc2 Bg5 34. Rd1 Ne2
35. g3 Bf6 36. Rd2 Nxc3 37. bxc3 Re7 38. Rd1 Rb7 39. Ke2 b5 40. Rb1 Be7 41. Kd3
Ke6 42. Ne3 b4 43. c4 Bf6 44. Rb3 dxc4+ 45. Nxc4 Rd7 46. Nxa5 Rxd4+ 47. Kc2 c5
48. Re3+ Kd5 49. Nb3 Rc4+ 50. Kb1 Rc3 51. Rxc3 Bxc3 52. a5 Be5 53. a6 Bb8 54.
Kc2 c4 55. Nd2 Kc5 56. f4 Kb5 57. h4 h5 58. f5 b3+ 59. Kd1 Kb4 0-1

[Event "CrunchLab Masters Div 3 W"]
[Site "chess.com INT"]
[Date "2024.07.19"]
[Round "1.1"]
[White "Anton Guijarro, David"]
[Black "Makarian, Rudik"]
[Result "1/2-1/2"]
[WhiteTitle "GM"]
[BlackTitle "IM"]
[WhiteElo "2669"]
[BlackElo "2525"]
[WhiteFideId "2285525"]
[BlackFideId "44105681"]
[EventDate "2024.07.19"]
[EventType "k.o."]

1. c4 e6 2. Nc3 d5 3. d4 Nf6 4. Bg5 Be7 5. e3 Nbd7 6. Nf3 h6 7. Bh4 c6 8. cxd5
Nxd5 9. Bxe7 Qxe7 10. Bd3 O-O 11. O-O e5 12. Nxd5 cxd5 13. dxe5 Nxe5 14. Be2 Rd8
15. Nd4 Rd6 16. Qb3 h5 17. Rfe1 h4 18. h3 Be6 19. Nxe6 fxe6 20. Rac1 Rf8 21. f4
Nc6 22. Bg4 Kh8 23. e4 d4 24. e5 Rdd8 25. Re4 d3 26. Qxe6 Qxe6 27. Bxe6 Rd4 28.
Rxd4 Nxd4 29. Bg4 Rxf4 30. Rd1 Ne2+ 31. Bxe2 dxe2 32. Re1 Re4 33. Kf2 Rxe5 34.
Rxe2 Rxe2+ 35. Kxe2 g5 36. Kf3 Kg7 37. g3 hxg3 38. Kxg3 Kf6 39. Kg4 Kg6 40. Kf3
Kf5 41. Kg3 Kf6 42. Kg4 Kg6 43. Kf3 Kf5 44. Kg3 Kf6 1/2-1/2

[Event "CrunchLab Masters Div 3 W"]
[Site "chess.com INT"]
[Date "2024.07.19"]
[Round "1.1"]
[White "Blohberger, Felix"]
[Black "Santos Latasa, Jaime"]
[Result "1/2-1/2"]
[WhiteTitle "GM"]
[BlackTitle "GM"]
[WhiteElo "2527"]
[BlackElo "2631"]
[WhiteFideId "1632051"]
[BlackFideId "2293307"]
[EventDate "2024.07.19"]
[EventType "k.o."]

1. d4 Nf6 2. Nf3 e6 3. e3 c5 4. Bd3 Nc6 5. O-O b6 6. c4 cxd4 7. exd4 d5 8. Nc3
Nb4 9. cxd5 Nxd3 10. Qxd3 Nxd5 11. Ne5 f6 12. Qb5+ Bd7 13. Nxd7 Qxd7 14. Nxd5
exd5 15. a4 Be7 16. Bd2 Rd8 17. Rac1 Kf7 18. Rc2 Qxb5 19. axb5 Rc8 20. Rfc1 Rxc2
21. Rxc2 Bd6 22. Rc6 Ke7 23. f3 Kd7 24. Kf2 h5 25. h3 Re8 26. Rc1 h4 27. Ra1
Bg3+ 28. Kf1 Bb8 29. b3 g5 30. Re1 Rc8 31. Rc1 Rg8 32. Bb4 f5 33. Re1 Rg7 34.
Bf8 Rf7 35. Bb4 g4 36. Rc1 Rg7 37. Be1 gxh3 38. gxh3 Bg3 39. Ra1 Ke6 40. Bxg3
Rxg3 41. Kf2 Rxh3 42. Rxa7 Rh2+ 43. Ke3 Rb2 44. Rb7 Rxb3+ 45. Kf4 Rxb5 46. Rh7
Rb4 47. Rh6+ Kd7 48. Ke5 Rb5 1/2-1/2

[Event "CrunchLab Masters Div 3 W"]
[Site "chess.com INT"]
[Date "2024.07.19"]
[Round "1.1"]
[White "Bok, Benjamin"]
[Black "Meier, Georg"]
[Result "1-0"]
[WhiteTitle "GM"]
[BlackTitle "GM"]
[WhiteElo "2587"]
[BlackElo "2591"]
[WhiteFideId "1017063"]
[BlackFideId "4675789"]
[EventDate "2024.07.19"]
[EventType "k.o."]

1. e4 e6 2. d4 d5 3. Nc3 dxe4 4. Nxe4 Nd7 5. Nf3 Ngf6 6. Nxf6+ Nxf6 7. Be3 Bd6
8. Bd3 O-O 9. Qe2 b6 10. Bg5 Bb7 11. Ne5 h6 12. h4 hxg5 13. hxg5 g6 14. gxf6
Qxf6 15. Qe3 c5 16. Ng4 Qxd4 17. Qh6 Rfd8 18. Bxg6 Qg7 19. Nf6+ Kf8 20. Nh7+ Kg8
21. Bxf7+ Kxf7 22. Ng5+ Kg8 23. Qxe6+ Kf8 24. Rh8+ Qxh8 25. Qf7# 1-0

[Event "CrunchLab Masters Div 3 W"]
[Site "chess.com INT"]
[Date "2024.07.19"]
[Round "1.1"]
[White "Bortnyk, Olexandr"]
[Black "Ivic, Velimir"]
[Result "1-0"]
[WhiteTitle "GM"]
[BlackTitle "GM"]
[WhiteElo "2608"]
[BlackElo "2592"]
[WhiteFideId "14120828"]
[BlackFideId "950122"]
[EventDate "2024.07.19"]
[EventType "k.o."]

1. d4 Nf6 2. Nc3 d5 3. Bf4 e6 4. Nb5 Na6 5. e3 Be7 6. Nf3 O-O 7. Ne5 Ne4 8. f3
Nf6 9. a3 c5 10. c3 Nh5 11. Bg3 f6 12. Nd3 Nxg3 13. hxg3 Nb8 14. dxc5 b6 15.
cxb6 Qxb6 16. a4 Qxe3+ 17. Qe2 Qxe2+ 18. Bxe2 Nc6 19. Nf4 Rb8 20. O-O-O g5 21.
Nh5 a6 22. Nd4 Nxd4 23. Rxd4 Bc5 24. Rdd1 Bd7 25. a5 Ba4 26. Rde1 Be3+ 27. Kb1
Bd2 28. Bxa6 Bxe1 29. Rxe1 e5 30. b4 d4 31. Kb2 dxc3+ 32. Kxc3 Kf7 33. Rb1 Rfd8
34. g4 Rd6 35. Bc4+ Ke8 36. b5 Kd8 37. Ng3 Rc6 38. Kb4 Bc2 39. Rb2 Bg6 40. Ne4
Kc8 41. Bd5 Rc7 42. a6 Be8 43. Ka5 Rc1 44. Nd6+ Kd7 45. Nxe8 Ra1+ 46. Ra2 Rxa2+
47. Bxa2 Rxe8 48. Bd5 1-0

[Event "CrunchLab Masters Div 3 W"]
[Site "chess.com INT"]
[Date "2024.07.19"]
[Round "1.1"]
[White "Dragun, Kamil"]
[Black "Dubov, Daniil"]
[Result "0-1"]
[WhiteTitle "GM"]
[BlackTitle "GM"]
[WhiteElo "2528"]
[BlackElo "2701"]
[WhiteFideId "1134167"]
[BlackFideId "24126055"]
[EventDate "2024.07.19"]
[EventType "k.o."]

1. e4 e5 2. Nf3 Nc6 3. Bc4 Nf6 4. d3 Be7 5. Nc3 O-O 6. a4 d6 7. O-O Be6 8. Bxe6
fxe6 9. Ne2 a5 10. c3 d5 11. Ng3 h6 12. Re1 Nd7 13. Be3 Kh8 14. h3 Qe8 15. d4
Qf7 16. Qb3 exd4 17. Nxd4 Nxd4 18. Bxd4 Bc5 19. Re2 b6 20. Rae1 Bxd4 21. cxd4
Nf6 22. Qc2 dxe4 23. Nxe4 Nd5 24. g3 Rad8 25. Nc3 Nb4 26. Qe4 Rd6 27. Nb5 Rd5
28. Qxe6 Qxe6 29. Rxe6 c6 30. Nd6 Nd3 31. R1e3 Nxf2 32. Kg2 Nd1 33. Re2 Rxd4 34.
g4 Rb4 35. Nf5 Rxb2 36. Rxb2 Nxb2 37. Rxc6 Nxa4 38. Rc7 Rg8 39. Rb7 Ra8 40. Nxg7
Nc5 41. Re7 a4 42. Ne8 Kg8 43. Nf6+ Kf8 44. Rh7 Ra5 45. h4 a3 46. g5 hxg5 47.
hxg5 Ne6 48. Nd7+ Ke8 49. Nf6+ Kd8 50. Rd7+ Kc8 51. Rd1 Rxg5+ 52. Kh2 Ra5 0-1

[Event "CrunchLab Masters Div 3 W"]
[Site "chess.com INT"]
[Date "2024.07.19"]
[Round "1.1"]
[White "Erigaisi, Arjun"]
[Black "Samadov, Read"]
[Result "1-0"]
[WhiteTitle "GM"]
[BlackTitle "IM"]
[WhiteElo "2778"]
[BlackElo "2503"]
[WhiteFideId "35009192"]
[BlackFideId "13417444"]
[EventDate "2024.07.19"]
[EventType "k.o."]

1. e4 c5 2. Nf3 d6 3. d4 cxd4 4. Nxd4 Nf6 5. Nc3 a6 6. Bg5 Nbd7 7. Bc4 Qb6 8.
Bb3 e6 9. Bxf6 Nxf6 10. Qd2 Bd7 11. O-O-O O-O-O 12. f4 Qc7 13. f5 d5 14. fxe6
fxe6 15. exd5 exd5 16. Nxd5 Nxd5 17. Bxd5 Bd6 18. Kb1 Rhe8 19. Qd3 Be5 20. Nf3
Bf6 21. Rhe1 g6 22. Rxe8 Rxe8 23. Qb3 Bf5 24. Bc4 Bg4 25. a3 Bxf3 26. Qxf3 Qe5
27. Qb3 Rd8 28. Rxd8+ Bxd8 29. Bd5 b5 30. Qh3+ Kb8 31. Qd7 Qc7 32. Qe6 Ka7 33.
h3 Qb6 34. Qg8 Qc7 35. Bf7 h5 36. Bxg6 h4 37. Qd5 Bf6 38. Be4 Bg7 39. b4 Kb6 40.
a4 Qe7 41. Qc6+ Ka7 42. Qa8+ Kb6 43. Qb8+ 1-0

[Event "CrunchLab Masters Div 3 W"]
[Site "chess.com INT"]
[Date "2024.07.19"]
[Round "1.1"]
[White "Kamsky, Gata"]
[Black "Iniyan, Pa"]
[Result "1-0"]
[WhiteTitle "GM"]
[BlackTitle "GM"]
[WhiteElo "2615"]
[BlackElo "2533"]
[WhiteFideId "2000024"]
[BlackFideId "25002767"]
[EventDate "2024.07.19"]
[EventType "k.o."]

1. e4 c5 2. Nf3 d6 3. Nc3 Nf6 4. e5 dxe5 5. Nxe5 e6 6. Bb5+ Nbd7 7. d4 a6 8.
Bxd7+ Nxd7 9. Qf3 Qf6 10. Bf4 cxd4 11. Ne4 Qf5 12. Nc4 Qd5 13. Ncd6+ Bxd6 14.
Nxd6+ Ke7 15. Qxd5 exd5 16. O-O-O Nc5 17. Rhe1+ Ne6 18. Be5 f6 19. Nf5+ Kf7 20.
Bxd4 Nxd4 21. Nd6+ Kg6 22. Rxd4 Rd8 23. Rxd5 b5 24. Rd3 Ra7 25. Nxb5 Rxd3 26.
Nxa7 1-0

[Event "CrunchLab Masters Div 3 W"]
[Site "chess.com INT"]
[Date "2024.07.19"]
[Round "1.1"]
[White "L'Ami, Erwin"]
[Black "Dreev, Aleksey"]
[Result "1-0"]
[WhiteTitle "GM"]
[BlackTitle "GM"]
[WhiteElo "2635"]
[BlackElo "2595"]
[WhiteFideId "1007998"]
[BlackFideId "4100107"]
[EventDate "2024.07.19"]
[EventType "k.o."]

1. d4 d5 2. c4 c6 3. Nc3 Nf6 4. cxd5 cxd5 5. Bf4 Nc6 6. e3 a6 7. Bd3 Bg4 8. Nge2
e6 9. O-O Bd6 10. Bxd6 Qxd6 11. h3 Bxe2 12. Bxe2 O-O 13. Rc1 Rfc8 14. Na4 Nd7
15. Qd2 Rc7 16. a3 Rac8 17. b4 Ne7 18. Nc5 g6 19. Bd3 Nb8 20. f4 Nd7 21. Rc2 b5
22. Nxd7 Qxd7 23. Rc5 Rxc5 24. bxc5 Rb8 25. Rb1 Qc7 26. g3 Nc6 27. Kg2 Na5 28.
Qc3 Nc6 29. g4 Qe7 30. g5 h6 31. h4 h5 32. Qc2 Kg7 33. a4 bxa4 34. Rxb8 Nxb8 35.
Qxa4 Qb7 36. Qa3 Qc7 37. Kf2 Qb7 38. Ke2 Nc6 39. Bxa6 Qb1 40. Bd3 Qh1 41. Qa4
Qg2+ 42. Kd1 Qg1+ 43. Kd2 Qf2+ 44. Be2 Ne7 45. c6 Nf5 46. Qa3 Ng3 47. Qd3 Nf5
48. Qxf5 gxf5 49. c7 Qxh4 50. c8=Q Qh2 51. Qd8 h4 52. Qf6+ Kg8 53. g6 fxg6 54.
Qxg6+ Kh8 55. Qh6+ Kg8 56. Qxe6+ Kg7 57. Qe7+ Kh8 58. Qd8+ Kh7 59. Qxd5 h3 60.
Qxf5+ Kg7 61. Qg5+ Kf8 62. f5 Qg2 63. Qf6+ Kg8 64. Qg6+ Kf8 65. Kd3 Ke7 66. f6+
Kf8 67. Qg7+ 1-0

[Event "CrunchLab Masters Div 3 W"]
[Site "chess.com INT"]
[Date "2024.07.19"]
[Round "1.1"]
[White "Lazavik, Denis"]
[Black "Kuzubov, Yuriy"]
[Result "0-1"]
[WhiteTitle "GM"]
[BlackTitle "GM"]
[WhiteElo "2578"]
[BlackElo "2606"]
[WhiteFideId "13515110"]
[BlackFideId "14112906"]
[EventDate "2024.07.19"]
[EventType "k.o."]

1. d4 Nf6 2. c4 e6 3. Nf3 d5 4. Nc3 Nbd7 5. cxd5 exd5 6. Bg5 Be7 7. e3 c6 8. Bd3
Nh5 9. Bxe7 Qxe7 10. O-O O-O 11. Qc2 g6 12. Rfe1 Ndf6 13. Rab1 a5 14. a3 Ng7 15.
b4 axb4 16. axb4 Bf5 17. b5 c5 18. dxc5 Qxc5 19. Rec1 Rfc8 20. Bxf5 Nxf5 21. Qd2
Qc4 22. h3 Ne4 23. Nxe4 Qxe4 24. Rxc8+ Rxc8 25. Rd1 Rc5 26. Qb2 Qe8 27. Rb1 b6
28. Ne5 d4 29. Ng4 Qd8 30. e4 Ng7 31. e5 Ne6 32. Qd2 h5 33. Nf6+ Kg7 34. Re1 d3
35. Re3 Nf4 36. Re4 Rc2 37. Qxf4 d2 38. Rd4 d1=Q+ 39. Rxd1 Qxd1+ 40. Kh2 Qd2 41.
Qxd2 Rxd2 42. Kg3 Rb2 43. Ne8+ Kf8 44. Nd6 Ke7 45. Nc8+ Ke6 46. Nxb6 Rxb5 47.
Nc4 Rc5 48. Ne3 Kxe5 49. Kf3 Rb5 50. h4 Rb3 51. g3 Rc3 52. Kg2 Ke4 53. Nf1 Rd3
54. Nh2 f6 55. Nf1 g5 56. hxg5 fxg5 57. Nh2 g4 58. Nf1 Rc3 59. Nh2 Kd3 60. f3
Rc2+ 61. Kg1 Rxh2 0-1

[Event "CrunchLab Masters Div 3 W"]
[Site "chess.com INT"]
[Date "2024.07.19"]
[Round "1.1"]
[White "Paravyan, David"]
[Black "Klekowski, Maciej"]
[Result "1/2-1/2"]
[WhiteTitle "GM"]
[BlackTitle "GM"]
[WhiteElo "2608"]
[BlackElo "2463"]
[WhiteFideId "4194985"]
[BlackFideId "1132717"]
[EventDate "2024.07.19"]
[EventType "k.o."]

1. e4 c5 2. Nf3 e6 3. d4 cxd4 4. Nxd4 Nc6 5. Nc3 a6 6. Bf4 d6 7. Nxc6 bxc6 8. g4
e5 9. Bd2 Be6 10. Qe2 h5 11. gxh5 Qh4 12. O-O-O Qxh5 13. Qe3 c5 14. Be2 Qh3 15.
f3 Nf6 16. Qg1 Nd7 17. Kb1 g6 18. Bg5 f6 19. Be3 Kf7 20. Nd5 Ra7 21. Qe1 Bh6 22.
Bf2 Rb8 23. Bg3 f5 24. exf5 gxf5 25. f4 e4 26. b3 Bg7 27. Qd2 a5 28. Ne3 a4 29.
Bc4 axb3 30. Bxe6+ Kxe6 31. Qxd6+ Kf7 32. Qd5+ Kg6 33. cxb3 Bd4 34. Rxd4 cxd4
35. Qxd4 Rb6 36. Rg1 Kf7 37. Qd5+ Re6 38. Nxf5 Nf6 39. Nd6+ Kf8 40. Qc5 Rd7 41.
Nxe4+ Ke8 42. Qc8+ Ke7 43. Nxf6 Rxf6 44. Re1+ Kf7 45. Qe8+ Kg7 46. Re7+ Rxe7 47.
Qxe7+ Rf7 48. Qe5+ Kg8 49. Qg5+ Kh7 50. Qh4+ Qxh4 51. Bxh4 Rxf4 52. Bg3 Re4 53.
a4 Kg6 54. Kb2 Kf7 55. a5 Ke8 56. a6 Re6 57. a7 Ra6 58. Bf2 Kd7 59. b4 Kc6 60.
Kc3 Kb7 61. Be3 Ra3+ 62. Kd4 Rb3 63. Bd2 Rh3 64. Bf4 Kxa7 65. Kc5 Kb7 66. Be5
Rh5 67. Kd6 Kb6 68. Ke6 Kb5 69. Bd6 Kc6 70. Bg3 Kb5 71. Kf6 Kxb4 72. Kg6 Rh3 73.
Kg5 Kc5 74. Kg4 Rh8 75. Kf5 Kd5 76. Kf4 Rf8+ 77. Kg5 Ke6 78. Kg4 Rg8+ 79. Kf4
Kf6 80. Bh4+ Kg6 81. Bg3 Ra8 82. Ke4 Ra4+ 83. Kd5 Kf5 84. Kc5 Ke4 85. Kd6 Ra6+
86. Kc5 Rg6 87. Bb8 Rg5+ 88. Kc6 Rg6+ 89. Kc5 Rg5+ 90. Kc6 Rg6+ 91. Kc5 1/2-1/2

[Event "CrunchLab Masters Div 3 W"]
[Site "chess.com INT"]
[Date "2024.07.19"]
[Round "1.1"]
[White "Puranik, Abhimanyu"]
[Black "Hakobyan, Aram"]
[Result "1-0"]
[WhiteTitle "GM"]
[BlackTitle "GM"]
[WhiteElo "2634"]
[BlackElo "2617"]
[WhiteFideId "5061245"]
[BlackFideId "13306677"]
[EventDate "2024.07.19"]
[EventType "k.o."]

1. e4 e6 2. d4 d5 3. Nd2 c5 4. Ngf3 cxd4 5. Nxd4 Nc6 6. Bb5 Bd7 7. Nxc6 bxc6 8.
Bd3 Bd6 9. Qe2 Qc7 10. Nf3 dxe4 11. Qxe4 Nf6 12. Qh4 c5 13. O-O Bc6 14. Nd2 g5
15. Qh3 Bf4 16. Nc4 h5 17. Bxf4 Qxf4 18. Rae1 Qg4 19. Qxg4 hxg4 20. Ne5 Bd5 21.
c4 Bb7 22. Be2 Rh4 23. g3 Rh6 24. Bxg4 Ke7 25. f4 gxf4 26. Rxf4 Rg8 27. Bf3 Bxf3
28. Rxf3 Rg5 29. Ra3 Kf8 30. Rxa7 Rh7 31. Nd7+ Nxd7 32. Rxd7 Rf5 33. Rxe6 1-0

[Event "CrunchLab Masters Div 3 W"]
[Site "chess.com INT"]
[Date "2024.07.19"]
[Round "1.1"]
[White "Sargsyan, Shant"]
[Black "Sindarov, Javokhir"]
[Result "1/2-1/2"]
[WhiteTitle "GM"]
[BlackTitle "GM"]
[WhiteElo "2649"]
[BlackElo "2674"]
[WhiteFideId "13306766"]
[BlackFideId "14205483"]
[EventDate "2024.07.19"]
[EventType "k.o."]

1. d4 Nf6 2. c4 g6 3. Nc3 Bg7 4. e4 d6 5. Be2 O-O 6. Be3 a5 7. Nf3 Ng4 8. Bg5 h6
9. Bh4 Nf6 10. Qd2 g5 11. Bg3 Nh5 12. O-O-O a4 13. Kb1 a3 14. b3 Nd7 15. Nxg5
Nxg3 16. hxg3 hxg5 17. Rh5 e5 18. Rxg5 exd4 19. Nd5 c6 20. Rh1 Qxg5 21. Qxg5
cxd5 22. exd5 Re8 23. Bd3 Nf6 24. f3 Bd7 25. g4 Re3 26. Kc2 b5 27. Kd2 bxc4 28.
Bxc4 Re5 29. Qh4 Nxd5 30. g5 Ne3 31. Bd3 Bf5 32. Rc1 Rae8 33. g6 Bxg6 34. Bxg6
fxg6 35. Rc7 Nf5 36. Qf2 d3 37. Kxd3 Rd5+ 38. Kc4 Ne3+ 39. Kb4 Rb8+ 40. Ka4 Ra8+
41. Kb4 Bd4 42. Qh4 Rb8+ 43. Ka4 Ra8+ 44. Kb4 Rb8+ 45. Ka4 Ra8+ 46. Kb4 1/2-1/2

[Event "CrunchLab Masters Div 3 W"]
[Site "chess.com INT"]
[Date "2024.07.19"]
[Round "1.2"]
[White "Dreev, Aleksey"]
[Black "L'Ami, Erwin"]
[Result "0-1"]
[WhiteTitle "GM"]
[BlackTitle "GM"]
[WhiteElo "2595"]
[BlackElo "2635"]
[WhiteFideId "4100107"]
[BlackFideId "1007998"]
[EventDate "2024.07.19"]
[EventType "k.o."]

1. d4 d5 2. Nf3 Nf6 3. Bf4 e6 4. e3 Bd6 5. Nbd2 O-O 6. Bd3 b6 7. Qe2 c5 8. c3
Bxf4 9. exf4 a5 10. a4 Ba6 11. Bb5 Bxb5 12. axb5 c4 13. O-O Ne8 14. Ne5 Nd6 15.
Qh5 Qe8 16. Qh3 f6 17. Nef3 Ra7 18. Rfe1 Re7 19. Nf1 Nxb5 20. Re2 Qd7 21. Rae1
Rfe8 22. Ne3 a4 23. Qh5 a3 24. Nd1 Nc6 25. bxa3 Nxa3 26. Ne3 Nb5 27. Rc2 Nd6 28.
Rb1 b5 29. f5 Nxf5 30. Nxf5 exf5 31. h3 Rb8 32. Rcb2 g6 33. Qh4 Kg7 34. Rxb5
Rxb5 35. Rxb5 Qd6 36. Rb6 Qc7 37. Rb5 Re4 38. Qg3 f4 39. Qh4 Ne7 40. Rc5 Qd6 41.
Nd2 Re1+ 42. Nf1 Qe6 43. Qg4 Qxg4 44. hxg4 Rc1 45. Rc7 Kf7 46. g3 f3 47. Ra7 g5
48. Ra3 f5 49. gxf5 g4 50. Ra5 Kf6 51. Ra7 h5 52. Ra6+ Kxf5 53. Kh2 Ke4 54. Re6+
Kd3 55. Kg1 Nf5 56. Re5 Nd6 57. Rxd5 Ne4 0-1

[Event "CrunchLab Masters Div 3 W"]
[Site "chess.com INT"]
[Date "2024.07.19"]
[Round "1.2"]
[White "Dubov, Daniil"]
[Black "Dragun, Kamil"]
[Result "1-0"]
[WhiteTitle "GM"]
[BlackTitle "GM"]
[WhiteElo "2701"]
[BlackElo "2528"]
[WhiteFideId "24126055"]
[BlackFideId "1134167"]
[EventDate "2024.07.19"]
[EventType "k.o."]

1. d4 Nf6 2. c4 g6 3. Nc3 Bg7 4. e4 d6 5. Bd3 O-O 6. Nge2 c5 7. d5 e6 8. O-O
exd5 9. cxd5 a6 10. a4 Nbd7 11. Bc2 Re8 12. h3 c4 13. Be3 Qc7 14. Bd4 Nc5 15.
Ng3 h5 16. Qf3 Qe7 17. Qf4 Nfd7 18. Bxg7 Kxg7 19. Qd2 h4 20. Nge2 Ne5 21. Qd4
Qf6 22. a5 Rb8 23. f4 Ned3 24. Qxc4 Nxb2 25. Qa2 Nbd3 26. Bxd3 Nxd3 27. Qc4 Nc5
28. e5 Qe7 29. Nd4 dxe5 30. fxe5 Qxe5 31. Rae1 Qxe1 32. Rxe1 Rxe1+ 33. Kf2 Rc1
34. Qxc5 Bd7 35. Qa3 Rh1 36. Qd6 Rc8 37. Ne4 1-0

[Event "CrunchLab Masters Div 3 W"]
[Site "chess.com INT"]
[Date "2024.07.19"]
[Round "1.2"]
[White "Gledura, Benjamin"]
[Black "Alekseev, Evgeny"]
[Result "0-1"]
[WhiteTitle "GM"]
[BlackTitle "GM"]
[WhiteElo "2620"]
[BlackElo "2550"]
[WhiteFideId "712779"]
[BlackFideId "4138147"]
[EventDate "2024.07.19"]
[EventType "k.o."]

1. e4 c5 2. Nf3 e6 3. d4 cxd4 4. Nxd4 Nc6 5. Nc3 a6 6. Be3 Nf6 7. Qf3 Bb4 8.
Nxc6 bxc6 9. Bd4 d5 10. O-O-O O-O 11. Bd3 Bb7 12. a3 Be7 13. Qh3 g6 14. exd5
cxd5 15. Rhe1 Rc8 16. Qf3 Nd7 17. h4 Bxh4 18. Qh3 Bf6 19. Rh1 h5 20. Be2 Bxd4
21. Rxd4 Qf6 22. Bxh5 Rfd8 23. Bxg6 fxg6 24. Qh7+ Kf8 25. Qh6+ Ke7 26. Rf4 Qe5
27. Qh7+ Kd6 28. Rf7 Bc6 29. Qh4 g5 30. Qb4+ Kc7 31. Qa5+ Kb7 32. Qb4+ Ka8 33.
Qa5 Bb7 34. Nb5 d4 0-1

[Event "CrunchLab Masters Div 3 W"]
[Site "chess.com INT"]
[Date "2024.07.19"]
[Round "1.2"]
[White "Hakobyan, Aram"]
[Black "Puranik, Abhimanyu"]
[Result "1/2-1/2"]
[WhiteTitle "GM"]
[BlackTitle "GM"]
[WhiteElo "2617"]
[BlackElo "2634"]
[WhiteFideId "13306677"]
[BlackFideId "5061245"]
[EventDate "2024.07.19"]
[EventType "k.o."]

1. e4 e5 2. Nf3 Nc6 3. Nc3 Nf6 4. Bb5 Bc5 5. O-O O-O 6. Nxe5 Nxe5 7. d4 Bd6 8.
f4 Neg4 9. e5 Bb4 10. f5 c6 11. exf6 Nxf6 12. Bd3 d5 13. Bg5 h6 14. Bh4 Be7 15.
Qf3 Ne8 16. Bxe7 Qxe7 17. Rae1 Qb4 18. Qf4 Qxb2 19. Nd1 Qb6 20. Ne3 Nf6 21. Ng4
Nxg4 22. Qxg4 Qd8 23. h4 Bd7 24. Re5 Qf6 25. Rfe1 a5 26. Qh5 Qd6 27. g4 f6 28.
Qg6 Be8 29. Rxe8 Qg3+ 30. Kf1 Qf3+ 31. Kg1 Qg3+ 32. Kf1 Qf3+ 33. Kg1 Qg3+ 1/2-1/2

[Event "CrunchLab Masters Div 3 W"]
[Site "chess.com INT"]
[Date "2024.07.19"]
[Round "1.2"]
[White "Iniyan, Pa"]
[Black "Kamsky, Gata"]
[Result "1-0"]
[WhiteTitle "GM"]
[BlackTitle "GM"]
[WhiteElo "2533"]
[BlackElo "2615"]
[WhiteFideId "25002767"]
[BlackFideId "2000024"]
[EventDate "2024.07.19"]
[EventType "k.o."]

1. d4 d5 2. c4 c6 3. Nf3 Nf6 4. Nc3 e6 5. Bg5 Nbd7 6. e3 Qa5 7. cxd5 Nxd5 8. Rc1
Nxc3 9. bxc3 Ba3 10. Rc2 b6 11. Qd3 Bb7 12. Be2 h6 13. Bh4 O-O 14. O-O Rfe8 15.
Rb1 Bf8 16. c4 c5 17. d5 exd5 18. Qf5 Qa4 19. Bd3 g6 20. Qg4 Bg7 21. Rd2 Nf8 22.
Bg3 dxc4 23. Qxc4 Qxc4 24. Bxc4 Rad8 25. Rbd1 Rxd2 26. Rxd2 Bf6 27. Bc7 Kg7 28.
a4 Ne6 29. Bg3 Bc6 30. Ra2 Ng5 31. Nxg5 hxg5 32. Bb5 Rc8 33. f3 Bxb5 34. axb5 c4
35. Rc2 Rc5 36. Bd6 Rd5 37. Bb4 Rxb5 38. Rxc4 Be5 39. f4 gxf4 40. exf4 a5 41.
Bd2 Bf6 42. Kf2 Rd5 43. Ke2 b5 44. Rc6 a4 45. Ra6 Bb2 46. Ke3 f6 47. Ra7+ Kg8
48. Ra8+ Kf7 49. Bb4 Ke6 50. Ra6+ Kd7 51. g4 Kc7 52. g5 fxg5 53. Rxg6 gxf4+ 54.
Kf3 Rd3+ 55. Ke2 f3+ 56. Kxd3 a3 57. Ra6 Kb7 58. Rxa3 Bxa3 59. Bxa3 Kc6 60. Ke3
Kd5 61. Kxf3 Ke5 62. Kg4 Kf6 63. h4 Kg6 64. h5+ Kh6 65. Bc1+ Kh7 66. Bd2 Kg7 67.
Kg5 Kh7 68. h6 Kg8 69. Kg6 1-0

[Event "CrunchLab Masters Div 3 W"]
[Site "chess.com INT"]
[Date "2024.07.19"]
[Round "1.2"]
[White "Ivic, Velimir"]
[Black "Bortnyk, Olexandr"]
[Result "1/2-1/2"]
[WhiteTitle "GM"]
[BlackTitle "GM"]
[WhiteElo "2592"]
[BlackElo "2608"]
[WhiteFideId "950122"]
[BlackFideId "14120828"]
[EventDate "2024.07.19"]
[EventType "k.o."]

1. e4 Nf6 2. e5 Nd5 3. d4 d6 4. c4 Nb6 5. exd6 exd6 6. Nf3 Be7 7. h3 O-O 8. Bd3
Nc6 9. Nc3 Nb4 10. Bb1 Be6 11. d5 Bd7 12. a3 Na6 13. O-O Bf6 14. Ne4 Bf5 15.
Nxf6+ Qxf6 16. Bxf5 Qxf5 17. b3 Nc5 18. Be3 Nbd7 19. b4 Ne4 20. Nd4 Qg6 21. Re1
a6 22. Qg4 Qxg4 23. hxg4 Rfe8 24. f3 Nc3 25. Nf5 g6 26. Ng3 Na4 27. Bd4 Nab6 28.
Rec1 a5 29. Ne4 Re7 30. g5 Kf8 31. Kf2 axb4 32. axb4 Rxa1 33. Rxa1 Nxc4 34. Ra7
Ncb6 35. Nc3 c5 36. dxc6 bxc6 37. Rc7 c5 38. bxc5 dxc5 39. Be3 Ke8 40. Ne4 Kd8
41. Rc6 Re6 42. Rxe6 fxe6 43. Bxc5 Nxc5 44. Nxc5 Ke7 45. f4 Nc4 46. Nd3 Kd6 47.
Kf3 e5 48. g3 Kd5 49. Nf2 Nd2+ 50. Ke3 Nf1+ 51. Kf3 Nd2+ 52. Ke3 Nf1+ 53. Kf3
Nd2+ 1/2-1/2

[Event "CrunchLab Masters Div 3 W"]
[Site "chess.com INT"]
[Date "2024.07.19"]
[Round "1.2"]
[White "Klekowski, Maciej"]
[Black "Paravyan, David"]
[Result "1/2-1/2"]
[WhiteTitle "GM"]
[BlackTitle "GM"]
[WhiteElo "2463"]
[BlackElo "2608"]
[WhiteFideId "1132717"]
[BlackFideId "4194985"]
[EventDate "2024.07.19"]
[EventType "k.o."]

1. c4 e5 2. g3 Nf6 3. Bg2 c6 4. Nf3 e4 5. Nd4 Qb6 6. Nc2 d5 7. cxd5 cxd5 8. d3
exd3 9. Qxd3 Nc6 10. Nc3 d4 11. Ne4 Nxe4 12. Bxe4 Nb4 13. Nxb4 Bxb4+ 14. Bd2
Bxd2+ 15. Qxd2 O-O 16. O-O Be6 17. b4 Rfd8 18. a4 Bd5 19. Bxd5 Rxd5 20. Rfc1
Rad8 21. Ra3 d3 22. Rxd3 Rxd3 23. exd3 Qd4 24. Qc3 g6 25. Qxd4 Rxd4 26. Rc4 Rxd3
27. Rc7 Rb3 28. Rxb7 a5 29. b5 Rb4 30. Ra7 Rxa4 31. Kg2 Ra3 32. b6 Rb3 33. b7
Kg7 34. Rxa5 Rxb7 35. Ra2 1/2-1/2